[Event "Beer Sheva it"]
[Site "Beer Sheva ISR"]
[Date "1978.??.??"]
[Round "6"]
[White "Kagan, Shimon"]
[Black "Stean, Michael Francis"]
[Result "0-1"]
[WhiteElo "2465"]
[BlackElo "2510"]
[EventDate "1978.02.18"]
[PlyCount "96"]

1.e4 c5 2.Nf3 d6 3.d4 cxd4 4.Nxd4 Nf6 5.Nc3 Nc6 6.g3 e6 7.Bg2 Bd7 8.O-O 
Be7 9.b3 a6 10.Nce2 O-O 11.c4 Rb8 12.Ba3 Qa5 13.Nc2 Rfd8 14.Qe1 Qxe1 15.
Rfxe1 b5 16.Ne3 Kf8 17.Red1 Be8 18.Rd2 b4 19.Bb2 Nd7 20.Rad1 Nc5 21.Nd4 
Rdc8 22.f4 Nxd4 23.Bxd4 a5 24.Ng4 h5 25.Nf2 a4 26.Rb1 Bc6 27.Bxc5 dxc5 28.
e5 Bxg2 29.Kxg2 Rd8 30.Rbd1 Rxd2 31.Rxd2 Ra8 32.Kf3 axb3 33.axb3 Ra1 34.
Ne4 f5 35.exf6 gxf6 36.h4 Rb1 37.Rd3 Rb2 38.Nf2 f5 39.Nh3 Bf6 40.Ng5 Ke7 
41.Re3 Bd4 42.Rxe6+ Kd7 43.Re2 Rxb3+ 44.Kg2 Rc3 45.Nf3 Rxc4 46.Rd2 Kc6 47.
Kf1 b3 48.Ke2 Kd5 0-1

[Event "Beer Sheva it"]
[Site "Beer Sheva ISR"]
[Date "1978.??.??"]
[Round "6"]
[White "Veinger, Itzhak"]
[Black "Keene, Raymond Dennis"]
[Result "1/2-1/2"]
[WhiteElo "2470"]
[BlackElo "2480"]
[EventDate "1978.02.18"]
[PlyCount "102"]

1.e4 c5 2.g3 d5 3.exd5 Qxd5 4.Nf3 Bg4 5.Bg2 Qe6+ 6.Kf1 Nc6 7.h3 Bh5 8.d3 
Qd7 9.Nc3 Nf6 10.Bf4 e6 11.g4 Bg6 12.Ne5 Nxe5 13.Bxe5 Bd6 14.Bxf6 gxf6 15.
Qf3 Be5 16.Ne4 Bxe4 17.Qxe4 Qd4 18.Qxd4 Bxd4 19.Ke2 Rb8 20.c3 Be5 21.a4 h5
22.Bf3 hxg4 23.hxg4 Rxh1 24.Rxh1 Ke7 25.Kd2 a6 26.a5 Bc7 27.Ra1 b5 28.axb6
Rxb6 29.Kc2 a5 30.Be4 Rb8 31.Rh1 Kd6 32.Rh7 Rf8 33.f4 Ke7 34.f5 Kd6 35.Kb3
Bd8 36.Rg7 Be7 37.Ka4 Bd8 38.Kb5 Bc7 39.b3 Rb8+ 40.Kc4 Rf8 41.Bf3 Bb6 42.
Bb7 Bc7 43.Ba6 Bd8 44.Bb7 Bc7 45.Rh7 Bd8 46.Rh5 Rg8 47.Bf3 Rg5 48.Rh8 Bc7 
49.Ra8 exf5 50.Ra6+ Ke7 51.gxf5 1/2-1/2

[Event "Beer Sheva it"]
[Site "Beer Sheva ISR"]
[Date "1978.??.??"]
[Round "6"]
[White "Kraidman, Yair"]
[Black "Lederman, Leon"]
[Result "0-1"]
[WhiteElo "2455"]
[BlackElo "2405"]
[EventDate "1978.02.18"]
[PlyCount "104"]

1.c4 e6 2.Nc3 Bb4 3.Nf3 b6 4.g3 Bb7 5.Bg2 f5 6.Qc2 Nf6 7.a3 Be7 8.O-O O-O 
9.b4 Qe8 10.Bb2 a6 11.d4 Qh5 12.d5 Ng4 13.h3 Nh6 14.Rad1 g5 15.dxe6 dxe6 
16.Nd4 Bxg2 17.Kxg2 Qg6 18.c5 bxc5 19.bxc5 Bxc5 20.Nd5 Bd6 21.Nxc7 Rc8 22.
Qb3 Rxc7 23.Nxe6 Rc6 24.Nd8+ Nf7 25.Nxc6 Nxc6 26.Qb7 Rb8 27.Qxc6 Rxb2 28.
Qxa6 Qe6 29.Rfe1 Kg7 30.Qd3 f4 31.gxf4 gxf4 32.Qd4+ Be5 33.Qd7 Qf6 34.Qg4+
Kh6 35.Rd7 Bc3 36.Rxf7 Qxf7 37.Qh4+ Kg7 38.Rg1 Qd5+ 39.Kh2+ Kh8 40.Rc1 f3 
41.exf3 Qd2 42.Rxc3 Qxc3 43.Qd8+ Kg7 44.Qe7+ Kg6 45.Qe8+ Kg5 46.h4+ Kxh4 
47.Qe7+ Kh5 48.Kg3 Rb6 49.Qxh7+ Kg5 50.Qh4+ Kg6 51.Qe4+ Kf7 52.Qd5+ Ke7 
0-1

[Event "Beer Sheva it"]
[Site "Beer Sheva ISR"]
[Date "1978.??.??"]
[Round "7"]
[White "Birnboim, Nathan"]
[Black "Kagan, Shimon"]
[Result "1-0"]
[WhiteElo "2465"]
[BlackElo "2465"]
[EventDate "1978.02.18"]
[PlyCount "94"]

1.d4 c5 2.c3 cxd4 3.cxd4 g6 4.Nc3 Bg7 5.e4 d6 6.Nf3 Nf6 7.Bb5+ Nfd7 8.O-O 
O-O 9.Bg5 Nb6 10.h3 Bd7 11.Be2 Nc6 12.Qd2 Re8 13.Rac1 a6 14.b3 Rc8 15.d5 
Nb8 16.Rc2 Na8 17.Rfc1 Qa5 18.Bd3 Rc7 19.Bf4 e5 20.dxe6 Bxe6 21.Bxd6 Rd7 
22.e5 Nc6 23.Ne4 Qxd2 24.Rxd2 Bd5 25.Nc5 Rxd6 26.exd6 Bh6 27.Rdd1 Bxc1 28.
Rxc1 Nb6 29.Bc4 Bxc4 30.bxc4 Na5 31.d7 Rd8 32.Ne5 Kf8 33.Rb1 Nbxc4 34.Nxc4
Nxc4 35.Rxb7 a5 36.Ra7 g5 37.Kf1 Ke7 38.Ke2 h6 39.a4 h5 40.Kd3 Ne5+ 41.Ke4
Nc4 42.Kd5 Nb2 43.Rxa5 Nd1 44.Kc6 Nxf2 45.Nb7 Rxd7 46.Re5+ Kf6 47.Re2 1-0

[Event "Beer Sheva it"]
[Site "Beer Sheva ISR"]
[Date "1978.??.??"]
[Round "7"]
[White "Keene, Raymond Dennis"]
[Black "Liberzon, Vladimir"]
[Result "1/2-1/2"]
[WhiteElo "2480"]
[BlackElo "2555"]
[EventDate "1978.02.18"]
[PlyCount "64"]

1.Nf3 Nf6 2.c4 g6 3.d4 Bg7 4.g3 O-O 5.Bg2 d6 6.O-O Nc6 7.Nc3 Rb8 8.d5 Na5 
9.b3 a6 10.Bd2 c5 11.a4 e5 12.dxe6 fxe6 13.Bf4 Ne8 14.Rc1 b6 15.Ng5 h6 16.
Nge4 e5 17.Be3 Be6 18.Rb1 Kh7 19.Qd2 Rb7 20.Rfd1 Rd7 21.Qa2 Nc7 22.Nd5 
Nxd5 23.cxd5 Bf5 24.b4 Nb7 25.Qc4 a5 26.bxc5 Nxc5 27.Rb2 Rc7 28.Nxc5 bxc5 
29.Bd2 Ra7 30.e4 Bc8 31.Rdb1 h5 32.Rb8 h4 1/2-1/2

[Event "Beer Sheva it"]
[Site "Beer Sheva ISR"]
[Date "1978.??.??"]
[Round "7"]
[White "Lederman, Leon"]
[Black "Bleiman, Yaacov"]
[Result "0-1"]
[WhiteElo "2405"]
[BlackElo "2440"]
[EventDate "1978.02.18"]
[PlyCount "106"]

1.e4 c6 2.d4 d5 3.Nc3 g6 4.h3 Bg7 5.Nf3 Nf6 6.e5 Ne4 7.Bd3 Nxc3 8.bxc3 c5 
9.O-O c4 10.Be2 Qa5 11.Qd2 Nc6 12.Re1 h6 13.a4 b5 14.Ba3 bxa4 15.Nh2 Rb8 
16.f4 Rb5 17.Nf1 O-O 18.g4 f6 19.Qe3 fxe5 20.fxe5 Be6 21.Ng3 Rbb8 22.Kg2 
Rf7 23.Rf1 Rbf8 24.Rxf7 Rxf7 25.Bf3 Bc8 26.Ne2 e6 27.h4 Qd8 28.Kg3 Bd7 29.
Bg2 Ne7 30.Nf4 g5 31.hxg5 hxg5 32.Nh3 Bh6 33.Rb1 Ng6 34.Qe1 Nf4 35.Nxf4 
gxf4+ 36.Kf3 Qg5 37.Qe2 Rg7 38.Bh3 Qh4 39.Qg2 Bg5 40.Rb8+ Kh7 41.Ke2 Rf7 
42.Qf3 Qg3 43.Bg2 Bh4 44.Qxg3 fxg3 45.Bf3 Kg7 46.Ra8 Bc6 47.Rc8 Bb5 48.Rb8
a6 49.Rb6 g2 50.Bxg2 Rf2+ 51.Kd1 Rxg2 52.Kc1 Rxg4 53.Rxe6 Rg6 0-1

[Event "Beer Sheva it"]
[Site "Beer Sheva ISR"]
[Date "1978.??.??"]
[Round "7"]
[White "Pasman, Michael"]
[Black "Veinger, Itzhak"]
[Result "0-1"]
[WhiteElo "2395"]
[BlackElo "2470"]
[EventDate "1978.02.18"]
[PlyCount "88"]

1.e4 c5 2.Nf3 Nc6 3.d4 cxd4 4.Nxd4 g6 5.Nc3 Bg7 6.Be3 Nf6 7.Bc4 d6 8.f3 
Bd7 9.Qd2 Rc8 10.Bb3 Ne5 11.O-O-O Nc4 12.Bxc4 Rxc4 13.Nb3 Qc7 14.Bd4 Be6 
15.h4 h5 16.Kb1 b6 17.f4 Qb7 18.Qd3 Qc8 19.f5 gxf5 20.Qg3 Kf8 21.Rhf1 Rg8 
22.exf5 Bxf5 23.Qg5 Be6 24.Rde1 Bh8 25.Qh6+ Ke8 26.Bxf6 Bxf6 27.Rxf6 exf6 
28.Nd5 Rxg2 29.Qxf6 Kd7 30.Qe7+ Kc6 31.Ne3 Rgg4 32.Nxc4 Rxc4 33.Nd2 Rg4 
34.Qxa7 Qb7 35.Qa3 Kd7 36.Qd3 Qd5 37.Qxd5 Bxd5 38.b3 Rxh4 39.c4 Be6 40.Kb2
Rf4 41.Kc3 h4 42.Kd3 h3 43.Ke3 Rg4 44.Re2 Rg3+ 0-1

[Event "Beer Sheva it"]
[Site "Beer Sheva ISR"]
[Date "1978.??.??"]
[Round "7"]
[White "Stean, Michael Francis"]
[Black "Formanek, Edward"]
[Result "1/2-1/2"]
[WhiteElo "2510"]
[BlackElo "2410"]
[EventDate "1978.02.18"]
[PlyCount "164"]

1.e4 e5 2.Nf3 Nc6 3.Bb5 d6 4.d4 Bd7 5.Nc3 exd4 6.Nxd4 g6 7.Bxc6 bxc6 8.O-O
Bg7 9.Re1 Ne7 10.Bf4 f6 11.Qd2 c5 12.Nb3 O-O 13.Rad1 Be6 14.Bh6 Re8 15.
Bxg7 Kxg7 16.h3 Qb8 17.Ne2 Qb5 18.Qc3 Rab8 19.Nf4 Bf7 20.Rb1 Qa4 21.Nc1 
Nc6 22.b3 Qd4 23.Qxd4 Nxd4 24.Rb2 f5 25.f3 fxe4 26.fxe4 g5 27.Nfd3 c4 28.
c3 Ne6 29.Nf2 Nc5 30.b4 Na4 31.Rc2 Bg6 32.Re3 Rb5 33.Rd2 Rbe5 34.Rd4 d5 
35.Ne2 c5 36.bxc5 Nxc5 37.Ng3 h5 38.Nf1 Nxe4 39.Nxe4 Bxe4 40.Nd2 Bd3 41.
Rxe5 Rxe5 42.Nf3 Rf5 43.Kf2 h4 44.Ke3 Kh6 45.Rg4 a5 46.Rd4 a4 47.a3 Kh5 
48.Rg4 Be4 49.Nd2 Bc2 50.Nf3 Bd3 51.Kd2 Be4 52.Ke3 Kh6 53.Nd2 Bc2 54.Nf3 
Bd3 55.Kd4 Rf8 56.Kxd5 Be2 57.Ke4 Re8+ 58.Kf5 Rf8+ 59.Ke4 Rd8 60.Ke3 Bxf3 
61.gxf3 Rd3+ 62.Kf2 Rxc3 63.f4 gxf4 64.Rxf4 Kg5 65.Rg4+ Kh5 66.Rd4 Rxh3 
67.Rxc4 Rxa3 68.Rb4 h3 69.Rb5+ Kg4 70.Rb4+ Kf5 71.Rb5+ Ke4 72.Rb4+ Kd3 73.
Kg1 Ra1+ 74.Kh2 a3 75.Rb3+ Kc2 76.Rf3 Kd2 77.Rb3 Kc2 78.Rf3 Kb2 79.Rf2+ 
Kc3 80.Rf3+ Kb4 81.Rf4+ Kc5 82.Rf3 1/2-1/2

[Event "Beer Sheva it"]
[Site "Beer Sheva ISR"]
[Date "1978.??.??"]
[Round "8"]
[White "Kagan, Shimon"]
[Black "Lederman, Leon"]
[Result "0-1"]
[WhiteElo "2465"]
[BlackElo "2405"]
[EventDate "1978.02.18"]
[PlyCount "78"]

1.e4 c6 2.d4 d5 3.Nc3 dxe4 4.Nxe4 Nd7 5.Nf3 Ngf6 6.Nxf6+ Nxf6 7.Bc4 Bf5 8.
O-O e6 9.c3 Bg4 10.a4 a5 11.h3 Bh5 12.Be2 Bxf3 13.Bxf3 Be7 14.Qb3 Qd7 15.
c4 O-O 16.Be3 Rfd8 17.Rad1 h6 18.g4 Ra6 19.Bg2 Qc7 20.Qc2 Nd7 21.f4 c5 22.
d5 exd5 23.Rxd5 Re8 24.Qd3 Nf6 25.Re5 Rd8 26.Qc3 Nh7 27.Qc2 Bd6 28.Rf5 g6 
29.Rd5 Nf6 30.Rdd1 Re8 31.Bd2 Bf8 32.Bc3 Ree6 33.Be5 Bd6 34.Rxd6 Raxd6 35.
Qc3 Qd8 36.g5 hxg5 37.fxg5 Ne4 38.Bxe4 Qxg5+ 39.Qg3 Qxg3+ 0-1

[Event "Beer Sheva it"]
[Site "Beer Sheva ISR"]
[Date "1978.??.??"]
[Round "8"]
[White "Bleiman, Yaacov"]
[Black "Kortschnoj, Viktor"]
[Result "0-1"]
[WhiteElo "2440"]
[BlackElo "2665"]
[EventDate "1978.02.18"]
[PlyCount "80"]

1.d4 Nf6 2.Nf3 e6 3.Bf4 b6 4.e3 Bb7 5.h3 d6 6.Nbd2 Nbd7 7.Bh2 Qe7 8.a4 c5 
9.Bb5 g6 10.O-O Bh6 11.Qe2 O-O 12.Rfd1 Nd5 13.Rac1 f5 14.Nb3 N5f6 15.Nbd2 
g5 16.Ne1 g4 17.hxg4 Nxg4 18.Bf4 Bxf4 19.exf4 Ndf6 20.f3 Nh5 21.fxg4 Nxf4 
22.Qe3 fxg4 23.Ne4 Bxe4 24.Qxe4 Qh4 25.Qe3 g3 26.Nf3 Qh6 27.Re1 Rf5 28.Bd7
Kh8 29.Bxe6 Rh5 30.Bh3 Rxh3 31.gxh3 Nxh3+ 32.Kg2 Nf4+ 33.Kg1 Rf8 34.Rcd1 
g2 35.Kf2 Qh5 36.Rd2 g1=Q+ 37.Rxg1 Nh3+ 38.Kg2 Nxg1 39.Nxg1 Re8 40.Qf3 
Qg5+ 0-1

[Event "Beer Sheva it"]
[Site "Beer Sheva ISR"]
[Date "1978.??.??"]
[Round "8"]
[White "Liberzon, Vladimir"]
[Black "Pasman, Michael"]
[Result "1-0"]
[WhiteElo "2555"]
[BlackElo "2395"]
[EventDate "1978.02.18"]
[PlyCount "44"]

1.e4 c6 2.d4 d5 3.exd5 cxd5 4.c4 Nf6 5.Nc3 Nc6 6.Bg5 Qb6 7.cxd5 Nxd4 8.
Nge2 Nxe2 9.Bxe2 Qxb2 10.Nb5 Qe5 11.f4 Qe3 12.Nc7+ Kd8 13.Nxa8 Ne4 14.Qd3 
Qf2+ 15.Kd1 Qxg2 16.Qc4 Bg4 17.Qc7+ Ke8 18.Qb8+ Kd7 19.Qxb7+ Kd8 20.Qb8+ 
Kd7 21.Qxa7+ Kd6 22.Qb6+ 1-0

[Event "Beer Sheva it"]
[Site "Beer Sheva ISR"]
[Date "1978.??.??"]
[Round "8"]
[White "Veinger, Itzhak"]
[Black "Stean, Michael Francis"]
[Result "1/2-1/2"]
[WhiteElo "2470"]
[BlackElo "2510"]
[EventDate "1978.02.18"]
[PlyCount "86"]

1.e4 c5 2.g3 g6 3.Bg2 Bg7 4.Nc3 Nc6 5.d3 d6 6.Be3 Rb8 7.Qd2 b5 8.Nge2 b4 
9.Nd1 Nd4 10.h3 e5 11.f4 Ne7 12.O-O O-O 13.Kh2 Be6 14.Rf2 Qd7 15.c3 Nxe2 
16.Qxe2 exf4 17.Bxf4 a5 18.Qd2 Nc6 19.Bh6 Bxh6 20.Qxh6 a4 21.a3 bxc3 22.
bxc3 Rb3 23.Rf4 f6 24.Rf2 d5 25.Qh4 Kg7 26.exd5 Bxd5 27.Qxa4 Rfb8 28.Qf4 
f5 29.a4 Bxg2 30.Rxg2 Qd5 31.Qc7+ Kh6 32.Ne3 Qf3 33.g4 R8b7 34.Qg3 Qxg3+ 
35.Kxg3 Rxc3 36.Rd2 Rd7 37.gxf5 Na5 38.Re1 gxf5 39.Nxf5+ Kg5 40.Nh4 Rdxd3+
41.Rxd3 Rxd3+ 42.Nf3+ Kf6 43.Kf4 1/2-1/2

[Event "Beer Sheva it"]
[Site "Beer Sheva ISR"]
[Date "1978.??.??"]
[Round "8"]
[White "Tatai, Stefano"]
[Black "Kraidman, Yair"]
[Result "0-1"]
[WhiteElo "2455"]
[BlackElo "2455"]
[EventDate "1978.02.18"]
[PlyCount "50"]

1.e4 e5 2.Nf3 Nc6 3.d4 exd4 4.Nxd4 Bc5 5.Nb3 Bb6 6.Nc3 d6 7.Qe2 Nge7 8.Be3
O-O 9.O-O-O f5 10.exf5 Nxf5 11.Bxb6 axb6 12.f4 Kh8 13.Kb1 Qf6 14.Nd5 Qf7 
15.c4 Nfe7 16.Nxc7 Bf5+ 17.Ka1 Nb4 18.a3 Nec6 19.Nxa8 Nc2+ 20.Ka2 N6b4+ 
21.axb4 Nxb4+ 22.Ka3 Nc2+ 23.Ka2 Rxa8+ 24.Na5 Rxa5+ 25.Kb3 Rb5+ 0-1

[Event "Beer Sheva it"]
[Site "Beer Sheva ISR"]
[Date "1978.??.??"]
[Round "9"]
[White "Stean, Michael Francis"]
[Black "Liberzon, Vladimir"]
[Result "1/2-1/2"]
[WhiteElo "2510"]
[BlackElo "2555"]
[EventDate "1978.02.18"]
[PlyCount "48"]

1.e4 c5 2.Nf3 e6 3.d4 cxd4 4.Nxd4 a6 5.Be2 Nf6 6.Nc3 d6 7.O-O Be7 8.f4 O-O
9.Be3 Nc6 10.Qe1 Bd7 11.Qg3 Nxd4 12.Bxd4 Bc6 13.Bd3 b5 14.a3 Qd7 15.Rae1 
a5 16.e5 dxe5 17.Bxe5 Nh5 18.Qh3 g6 19.f5 exf5 20.Bxf5 Qa7+ 21.Kh1 b4 22.
axb4 axb4 23.Ne2 Rad8 24.Bd3 Qd7 1/2-1/2

[Event "Beer Sheva it"]
[Site "Beer Sheva ISR"]
[Date "1978.??.??"]
[Round "9"]
[White "Lederman, Leon"]
[Black "Formanek, Edward"]
[Result "1-0"]
[WhiteElo "2405"]
[BlackElo "2410"]
[EventDate "1978.02.18"]
[PlyCount "80"]

1.e4 e6 2.d4 d5 3.Nc3 Bb4 4.exd5 exd5 5.Qf3 c6 6.Bd3 Qf6 7.Bf4 Ne7 8.Qg3 
Nd7 9.a3 Bxc3+ 10.bxc3 O-O 11.Ne2 Ng6 12.Bd2 Nb6 13.h4 Bf5 14.h5 Ne7 15.
O-O h6 16.Rab1 Rae8 17.Qf4 Nc4 18.Rxb7 Nd6 19.Rbb1 g5 20.hxg6 Nxg6 21.Qg3 
Kh7 22.Nf4 Rg8 23.f3 Bxd3 24.cxd3 Nf5 25.Nh5 Qd8 26.Qf2 Ng7 27.Nxg7 Rxg7 
28.g3 Qf6 29.Qh2 Nf4 30.Rf2 Nxd3 31.Rg2 Qxf3 32.Qxh6+ Kg8 33.Rf1 Qg4 34.
Qxc6 Re2 35.Qa8+ Kh7 36.Qxd5 Rxd2 37.Rxd2 Qxg3+ 38.Rg2 Qe3+ 39.Kh1 Qh3+ 
40.Rh2 1-0

[Event "Beer Sheva it"]
[Site "Beer Sheva ISR"]
[Date "1978.??.??"]
[Round "9"]
[White "Pasman, Michael"]
[Black "Murey, Yaacov"]
[Result "1-0"]
[WhiteElo "2395"]
[BlackElo "2420"]
[EventDate "1978.02.18"]
[PlyCount "63"]

1.d4 Nf6 2.Nc3 d5 3.Bg5 e6 4.e4 Bb4 5.e5 h6 6.Bd2 Bxc3 7.bxc3 Ne4 8.Qg4 g6
9.Bd3 Bd7 10.h4 c5 11.h5 g5 12.f4 Nxd2 13.Kxd2 c4 14.Be2 f5 15.exf6 e5 16.
Qf3 e4 17.Qg3 Qxf6 18.fxg5 Qxg5+ 19.Qxg5 hxg5 20.Nh3 Rg8 21.h6 Bxh3 22.
Rxh3 Nd7 23.Rf1 Ke7 24.Rf5 Nf6 25.h7 Rh8 26.Rxg5 Raf8 27.Re5+ Kf7 28.Bh5+ 
Kg7 29.Rg5+ Kh6 30.Rg6+ Kxh7 31.Rgg3 Ng8 32.Bg6+ 1-0

[Event "Beer Sheva it"]
[Site "Beer Sheva ISR"]
[Date "1978.??.??"]
[Round "9"]
[White "Birnboim, Nathan"]
[Black "Veinger, Itzhak"]
[Result "1-0"]
[WhiteElo "2465"]
[BlackElo "2470"]
[EventDate "1978.02.18"]
[PlyCount "88"]

1.d4 Nf6 2.c4 c5 3.Nf3 cxd4 4.Nxd4 Nc6 5.Nc3 g6 6.g3 Bg7 7.Bg2 O-O 8.O-O 
Qa5 9.Nb3 Qh5 10.e4 Qxd1 11.Rxd1 d6 12.c5 dxc5 13.Nxc5 Bg4 14.f3 Bc8 15.
Be3 b6 16.Nd3 e5 17.Rac1 Be6 18.Nb5 Nd4 19.Bxd4 exd4 20.Nc7 Bh6 21.f4 Rac8
22.Nxe6 fxe6 23.e5 Nd7 24.Bc6 Rf7 25.Bxd7 Rxc1 26.Rxc1 Rxd7 27.Kf2 g5 28.
Kf3 gxf4 29.gxf4 Bf8 30.Rc6 Kf7 31.f5 Re7 32.fxe6+ Rxe6 33.Rxe6 Kxe6 34.
Ke4 Bc5 35.b4 Bf8 36.b5 Bc5 37.a4 Be7 38.Nf4+ Kf7 39.Kxd4 Bc5+ 40.Ke4 Bg1 
41.h3 Bh2 42.Kf5 Bg3 43.Nd5 Bh2 44.Nb4 1-0

[Event "Beer Sheva it"]
[Site "Beer Sheva ISR"]
[Date "1978.??.??"]
[Round "9"]
[White "Keene, Raymond Dennis"]
[Black "Tatai, Stefano"]
[Result "1/2-1/2"]
[WhiteElo "2480"]
[BlackElo "2455"]
[EventDate "1978.02.18"]
[PlyCount "40"]

1.d4 Nf6 2.c4 e6 3.Nf3 b6 4.Nc3 Bb7 5.a3 d5 6.cxd5 exd5 7.Bg5 Be7 8.e3 O-O
9.Bd3 Nbd7 10.Rc1 a6 11.O-O c5 12.dxc5 bxc5 13.Bb1 Re8 14.Ba2 c4 15.Nd4 g6
16.Bb1 Rc8 17.Qe2 Nc5 18.Rfd1 Nfd7 19.Bxe7 Qxe7 20.Bc2 1/2-1/2

[Event "Beer Sheva it"]
[Site "Beer Sheva ISR"]
[Date "1978.??.??"]
[Round "9"]
[White "Kraidman, Yair"]
[Black "Bleiman, Yaacov"]
[Result "1/2-1/2"]
[WhiteElo "2455"]
[BlackElo "2440"]
[EventDate "1978.02.18"]
[PlyCount "80"]

1.d4 d5 2.c4 c6 3.Nf3 e6 4.Qc2 Nd7 5.cxd5 exd5 6.Nc3 Ngf6 7.Bf4 Be7 8.h3 
Nf8 9.e3 Ng6 10.Bh2 O-O 11.Bd3 Re8 12.O-O Bd6 13.Bxd6 Qxd6 14.Rab1 Bd7 15.
b4 Re7 16.Rfc1 b5 17.Nd2 Nh4 18.a4 a6 19.Ne2 g5 20.Qc5 Qe6 21.Ng3 Rae8 22.
e4 Nxg2 23.Kxg2 Qxh3+ 24.Kg1 h5 25.Bf1 Qg4 26.e5 h4 27.Be2 Qf4 28.Ngf1 Bg4
29.f3 Bf5 30.Rb2 Nh5 31.Qc3 f6 32.Bd3 Ng3 33.Re1 Bd7 34.Nb3 fxe5 35.dxe5 
bxa4 36.Nc5 Bh3 37.Bg6 Nxf1 38.Bxe8 Rxe8 39.Qd3 Qg3+ 40.Kh1 Qxe1 1/2-1/2

[Event "Beer Sheva it"]
[Site "Beer Sheva ISR"]
[Date "1978.??.??"]
[Round "10"]
[White "Kagan, Shimon"]
[Black "Kraidman, Yair"]
[Result "0-1"]
[WhiteElo "2465"]
[BlackElo "2455"]
[EventDate "1978.02.18"]
[PlyCount "92"]

1.e4 e5 2.Nf3 Nc6 3.Bb5 a6 4.Bxc6 dxc6 5.O-O Qd6 6.d4 exd4 7.Nxd4 f6 8.Be3
Bd7 9.c4 O-O-O 10.Nc3 Qe5 11.f4 Qe8 12.Qf3 Kb8 13.Rad1 Nh6 14.h3 Nf7 15.
Nc2 c5 16.Rfe1 Nd6 17.b3 Bc6 18.Bxc5 Nxe4 19.Bxf8 Rxf8 20.Nb4 Rxd1 21.Qxd1
f5 22.Qd4 Qe7 23.Nxc6+ bxc6 24.Nxe4 Re8 25.Re3 fxe4 26.b4 g6 27.Kh2 Kb7 
28.Kh1 Qd6 29.Rxe4 Qxd4 30.Rxd4 c5 31.bxc5 Kc6 32.Rd5 a5 33.f5 gxf5 34.
Rxf5 a4 35.g4 Re2 36.Rf6+ Kxc5 37.Rf7 c6 38.a3 Ra2 39.Rxh7 Kxc4 40.g5 Rxa3
41.g6 Rg3 42.g7 Kb3 43.Kh2 Rg6 44.Rh6 Rxg7 45.Rxc6 Rb7 46.h4 a3 0-1

[Event "Beer Sheva it"]
[Site "Beer Sheva ISR"]
[Date "1978.??.??"]
[Round "10"]
[White "Liberzon, Vladimir"]
[Black "Birnboim, Nathan"]
[Result "1/2-1/2"]
[WhiteElo "2555"]
[BlackElo "2465"]
[EventDate "1978.02.18"]
[PlyCount "56"]

1.e4 c5 2.Nf3 Nc6 3.d4 cxd4 4.Nxd4 Nf6 5.Nc3 e5 6.Ndb5 d6 7.Bg5 a6 8.Na3 
b5 9.Nd5 Be7 10.Bxf6 Bxf6 11.c3 O-O 12.Nc2 Rb8 13.g3 Be6 14.Bg2 Bg5 15.O-O
Ne7 16.Ncb4 Ra8 17.h4 Bh6 18.a4 bxa4 19.Rxa4 a5 20.Nxe7+ Qxe7 21.Qa1 Qc7 
22.Ra3 Bb3 23.Rxb3 axb4 24.Qd1 bxc3 25.Rxc3 Qb6 26.Rb3 Qc5 27.Rc3 Qb6 28.
Rb3 Qc5 1/2-1/2

[Event "Beer Sheva it"]
[Site "Beer Sheva ISR"]
[Date "1978.??.??"]
[Round "10"]
[White "Murey, Yaacov"]
[Black "Stean, Michael Francis"]
[Result "0-1"]
[WhiteElo "2420"]
[BlackElo "2510"]
[EventDate "1978.02.18"]
[PlyCount "102"]

1.e4 c5 2.Nf3 d6 3.d4 cxd4 4.Nxd4 Nf6 5.Nc3 Nc6 6.Bg5 e6 7.Qd2 a6 8.O-O-O 
Bd7 9.f4 b5 10.Bxf6 gxf6 11.g3 Qb6 12.Nce2 Qa5 13.Qxa5 Nxa5 14.Bg2 Rc8 15.
c3 Be7 16.f5 e5 17.Nc2 Nc4 18.b3 Nb6 19.Kb2 Bc6 20.g4 h5 21.gxh5 Rxh5 22.
h4 Kd7 23.Bf3 Rh7 24.h5 Bf8 25.Rd3 Ke7 26.Rhd1 Rd8 27.Nb4 Bb7 28.Ng3 Bh6 
29.Nf1 Rg7 30.Ka3 a5 31.Nc2 Rg1 32.Nfe3 Rg3 33.Bh1 Rg5 34.c4 b4+ 35.Kb2 
Rxh5 36.c5 Bxe3 37.Nxe3 Rxh1 38.Rxh1 Bxe4 39.Rc1 Bxd3 40.cxb6 Be4 41.Rc7+ 
Rd7 42.Nc4 Rxc7 43.bxc7 Bxf5 44.a3 d5 45.Nb6 Kd6 46.c8=Q Bxc8 47.Nxc8+ Ke6
48.Nb6 f5 49.Na4 f4 50.Nc5+ Kd6 51.axb4 axb4 0-1

[Event "Beer Sheva it"]
[Site "Beer Sheva ISR"]
[Date "1978.??.??"]
[Round "10"]
[White "Tatai, Stefano"]
[Black "Bleiman, Yaacov"]
[Result "1/2-1/2"]
[WhiteElo "2455"]
[BlackElo "2440"]
[EventDate "1978.02.18"]
[PlyCount "132"]

1.d4 c5 2.d5 e5 3.e4 d6 4.f4 exf4 5.Bxf4 Ne7 6.Bb5+ Bd7 7.Bxd7+ Qxd7 8.Nd2
Ng6 9.Bg3 Be7 10.Ngf3 O-O 11.O-O Qc7 12.Nc4 f6 13.h4 Qd7 14.Ne3 Na6 15.Nf5
Rad8 16.h5 Ne5 17.Nxe5 dxe5 18.Qg4 Bd6 19.c4 Nc7 20.Rf3 Ne8 21.Raf1 Kh8 
22.Qh3 Bc7 23.Bh4 Nd6 24.Nxd6 Qxh3 25.Rxh3 Bxd6 26.Rb3 Rd7 27.Rff3 Kg8 28.
g4 Rff7 29.Rb5 Kf8 30.Ra3 a6 31.Rb6 Ke7 32.Rf3 Kd8 33.a4 Kc7 34.a5 Kc8 35.
Rbb3 Bc7 36.Ra3 Bd8 37.Ra1 Bc7 38.Kg2 Bd6 39.Raf1 h6 40.Bf2 Kb8 41.Be3 Rf8
42.g5 hxg5 43.h6 Be7 44.Bxg5 Rg8 45.Be3 gxh6+ 46.Rg3 Rdd8 47.Rh1 Rxg3+ 48.
Kxg3 Rg8+ 49.Kf3 Bf8 50.Rh4 Kc7 51.Rg4 Rh8 52.Rg6 h5 53.Kf2 Be7 54.Bg5 Kd7
55.Bh4 Rf8 56.Kf3 Bd8 57.Rg7+ Kc8 58.Bf2 Bxa5 59.Bxc5 Rh8 60.Kg2 Bd8 61.
Bd6 h4 62.Kh3 Rh5 63.c5 f5 64.Rg8 Kd7 65.Rg7+ Kc8 66.Rg8 1/2-1/2

[Event "Beer Sheva it"]
[Site "Beer Sheva ISR"]
[Date "1978.??.??"]
[Round "10"]
[White "Veinger, Itzhak"]
[Black "Lederman, Leon"]
[Result "1-0"]
[WhiteElo "2470"]
[BlackElo "2405"]
[EventDate "1978.02.18"]
[PlyCount "90"]

1.c4 Nf6 2.Nf3 e6 3.g3 d5 4.d4 dxc4 5.Bg2 b6 6.Ne5 Nd5 7.Qa4+ c6 8.Qxc4 
Bb7 9.O-O Be7 10.Rd1 O-O 11.e4 Nf6 12.Nc3 Qc8 13.Bh3 b5 14.Qe2 Nbd7 15.Bf4
Nxe5 16.Bxe5 Nd7 17.Bf4 Nb6 18.d5 cxd5 19.Nxd5 Bxd5 20.exd5 Qe8 21.Bg2 
exd5 22.Bxd5 Nxd5 23.Rxd5 Bf6 24.Qxb5 Qxb5 25.Rxb5 Rfc8 26.Rc1 Rxc1+ 27.
Bxc1 Bd4 28.Kg2 g6 29.Kf3 Rc8 30.Be3 Bxe3 31.Kxe3 Rc2 32.a4 Kg7 33.a5 Kf6 
34.Rb7 g5 35.b4 Rb2 36.b5 Ke5 37.f4+ gxf4+ 38.gxf4+ Kd6 39.Rxf7 Rxb5 40.
Rxa7 Rh5 41.a6 Rxh2 42.Ra8 Kc6 43.f5 Rh1 44.f6 Rf1 45.Rb8 1-0

[Event "Beer Sheva it"]
[Site "Beer Sheva ISR"]
[Date "1978.03.??"]
[Round "11"]
[White "Kortschnoj, Viktor"]
[Black "Veinger, Itzhak"]
[Result "1-0"]
[WhiteElo "2665"]
[BlackElo "2470"]
[EventDate "1978.02.18"]
[PlyCount "49"]

1.d4 d5 2.c4 e5 3.dxe5 d4 4.Nf3 Nc6 5.g3 Bg4 6.Bg2 Qd7 7.O-O O-O-O 8.Qb3 
Nge7 9.Rd1 Bxf3 10.Qxf3 Ng6 11.Qh5 Kb8 12.Bf4 Nxf4 13.gxf4 g6 14.Qf3 f6 
15.exf6 Qf5 16.Nd2 Qxf6 17.Ne4 Qf5 18.b4 d3 19.Rxd3 Bxb4 20.Rb1 Rxd3 21.
Qxd3 Be7 22.c5 Qxf4 23.Rxb7+ Kxb7 24.Qb5+ Kc8 25.Bh3+ 1-0

[Event "Beer Sheva it"]
[Site "Beer Sheva ISR"]
[Date "1978.03.??"]
[Round "11"]
[White "Birnboim, Nathan"]
[Black "Murey, Yaacov"]
[Result "1-0"]
[WhiteElo "2465"]
[BlackElo "2420"]
[EventDate "1978.02.18"]
[PlyCount "46"]

1.d4 e6 2.g3 c5 3.Nf3 b6 4.Bg2 Bb7 5.c3 Nf6 6.O-O Be7 7.Nbd2 cxd4 8.cxd4 
O-O 9.b3 Nc6 10.Bb2 Rc8 11.a3 Na5 12.Re1 Ne4 13.Ne5 Nxd2 14.Bxb7 Rc7 15.
Qxd2 Nxb3 16.Qd1 Nxa1 17.Be4 d5 18.Bd3 Qe8 19.Qxa1 Qa4 20.e4 dxe4 21.Bxe4 
b5 22.d5 Bf6 23.d6 1-0

[Event "Beer Sheva it"]
[Site "Beer Sheva ISR"]
[Date "1978.03.??"]
[Round "11"]
[White "Bleiman, Yaacov"]
[Black "Kagan, Shimon"]
[Result "1/2-1/2"]
[WhiteElo "2440"]
[BlackElo "2465"]
[EventDate "1978.02.18"]
[PlyCount "116"]

1.d4 g6 2.c4 Bg7 3.Nc3 d6 4.e4 e5 5.Nf3 Nc6 6.d5 Nd4 7.Nxd4 exd4 8.Nb5 Qe7
9.Be2 a6 10.Nxd4 Qxe4 11.Nf3 Nf6 12.O-O O-O 13.Bd3 Qe7 14.Re1 Qd8 15.h3 
Bd7 16.Bg5 h6 17.Be3 Re8 18.Qc2 b5 19.Nd4 bxc4 20.Bxc4 Qc8 21.Rac1 Re5 22.
Nc6 Bxc6 23.dxc6 Qe8 24.Bd2 d5 25.Bd3 Ne4 26.Bf4 Re6 27.Qb3 Nc5 28.Rxe6 
Nxe6 29.Bg3 Qd8 30.Qa3 a5 31.b3 Qg5 32.Rd1 Bd4 33.Kf1 h5 34.h4 Qf6 35.Qc1 
Be5 36.Bxe5 Qxe5 37.g3 Rd8 38.Qd2 d4 39.Kg1 Nc5 40.Bc4 Ne4 41.Qe2 Kg7 42.
Qf3 f5 43.Qf4 Qd6 44.a3 Nc3 45.Qxd6 Rxd6 46.Rd3 Kf6 47.b4 axb4 48.axb4 
Rxc6 49.Rxd4 Ke5 50.Rf4 Rb6 51.Rf3 Ne4 52.Rb3 Kd4 53.Bf7 Rf6 54.Be8 Kc4 
55.Rb1 Nc3 56.Rb2 c6 57.Kg2 Kb5 58.Kf3 1/2-1/2

[Event "Beer Sheva it"]
[Site "Beer Sheva ISR"]
[Date "1978.03.??"]
[Round "11"]
[White "Kraidman, Yair"]
[Black "Formanek, Edward"]
[Result "1/2-1/2"]
[WhiteElo "2455"]
[BlackElo "2410"]
[EventDate "1978.02.18"]
[PlyCount "96"]

1.d4 g6 2.c4 Bg7 3.Nc3 d6 4.e4 e5 5.Nf3 Nc6 6.Bg5 f6 7.Be3 Bg4 8.d5 Nce7 
9.Be2 Bh6 10.Qd2 Bxe3 11.Qxe3 f5 12.Qd2 Bxf3 13.Bxf3 Nf6 14.O-O-O O-O 15.
h4 Kg7 16.Rdg1 h6 17.g4 Nxe4 18.Nxe4 fxe4 19.Bxe4 Rf4 20.f3 c5 21.Kb1 a6 
22.Qd3 Qd7 23.Ka1 b5 24.Rc1 Rff8 25.b4 Rfc8 26.cxb5 axb5 27.bxc5 Qa7 28.
Qd2 Rxc5 29.Rxc5 Qxc5 30.Rc1 Qa3 31.Rb1 Qa4 32.Rb4 Qa5 33.f4 exf4 34.Bb1 
f3 35.Qd4+ Kg8 36.Qe4 Ra7 37.Rb3 Qa4 38.Qxf3 Qd4+ 39.Qc3 Qxg4 40.Rxb5 Qxh4
41.Rb8+ Kf7 42.Rh8 Qg5 43.Rh7+ Ke8 44.Rh8+ Kd7 45.Qh3+ Kc7 46.Qc3+ Kd7 47.
Qh3+ Nf5 48.Qc3 Ne7 1/2-1/2